| 000 | 00730cam a2200205 a 4500 | ||
|---|---|---|---|
| 001 | 000004900 | ||
| 005 | 20200929151528.0 | ||
| 008 | 870717s1992 pr 001 p spa d | ||
| 020 | _a0865814236 | ||
| 040 |
_aDO-SdBNP _cPrU-MA _dPPiU _dDLC |
||
| 082 |
_aPR861.44 _bA162s |
||
| 100 | 1 |
_aAbreu Adorno, Manuel, _d1955-1984. _914168 |
|
| 245 | 1 | 0 |
_aSonido de lo innombrable... y otros poemas / _cManuel Abreu Adorno; prólogo de Eduardo Mitre. |
| 260 |
_aSan Juan, Puerto Rico : _bInstituto de Cultura Puertorriqueña, _c1992. |
||
| 300 |
_a98 p. ; _c20 cm. |
||
| 650 | 4 |
_aPoesía puertorriqueña _91015 |
|
| 650 | 4 |
_aLiteratura puertorriqueña _9250 |
|
| 700 | 1 |
_aMitre, Eduardo, _eprol. _914169 |
|
| 910 | _aCatalogación por copia / LC | ||
| 999 |
_c4706 _d4706 |
||